000 00520nam a22002177a 4500
003 Nust
005 20211110123443.0
008 170120b xxu||||| |||| 00| 0 eng d
020 _a0-07-0683549
038 _akhadija
040 _c.
082 _a629.13 AND
100 _aAnderson,David F.
_983779
245 _aUnderstanding Flight /
_cDavid F. Anderson
250 _a2nd
260 _aNew Delhi
_bTata McGraw Hill
_c2010.
300 _a293p. ;
500 _aPaperback.
563 _aPB
942 _cBK
_2ddc
999 _c32360
_d32360